000 00632nam a2200205Ia 4500
001 3240
003 GE_BSU
008 181216s||||||||xx |||||||||||||| ||und||
040 _cGE_BSU
080 _a681.51.002(075.32)
100 _aАдабашьян,А.К. Минаев,П.А.
245 _aМонтаж систем контроля и автоматики.
250 _aИзд. 2-е, перераб. и доп.
260 _aМ.
260 _bСтройиздат.
260 _c1974.
300 _a407стр. илл. 21см.
653 _aМонтаж систем контроля и автоматики.
942 _cBK
999 _c37281
_d37281